| 000 | 00462nam a22001697a 4500 | ||
|---|---|---|---|
| 003 | BUBTL | ||
| 008 | 151231b xxu||||| |||| 00| 0 eng d | ||
| 020 | _a9788177587784 | ||
| 082 |
_24th _a004.1 _bALI |
||
| 100 | _dAlter,Stevev | ||
| 245 |
_aInformation System _bFoundation of E-Business _cSteven Alter |
||
| 260 |
_aNew Delhi _bPearson _cc2002 |
||
| 300 |
_a614p _bills _c27cm |
||
| 856 |
_k0 _l0 _yDownload |
||
| 942 |
_2ddc _cBK _e4th |
||
| 999 |
_c5079 _d5079 |
||